| 000 | 00653nam a2200217 4500 | ||
|---|---|---|---|
| 003 | OSt | ||
| 005 | 20240624022017.0 | ||
| 006 | a | ||
| 008 | 240624b |||||||| |||| 00| 0 eng d | ||
| 020 | _a9780470160770 | ||
| 040 |
_aDWCL-HMN lib. _cOC |
||
| 082 | _aCirc. 641.56311 L749l 2010 | ||
| 100 | _aLindsay, Anne | ||
| 245 | _aLighthearted at home: the very best of Anne lidsay / | ||
| 260 |
_bJohn Wiley & Sons Canada, Ltd., _cc2010. |
||
| 300 |
_axxvi, _b468 p. :col. ill. ; _c24 cm. |
||
| 504 | _aIncludes index. | ||
| 650 | _a1. Heart-Diseases-Diet therapy Recipes. | ||
| 650 | _a2. Low-fat diet-Recipes. | ||
| 942 |
_2ddc _n0 _cBK-CIRC _kCirc. |
||
| 999 |
_c1184 _d1184 |
||